Rozpoznaj aktorki i aktorów po zdjęciu #5 - Statystyki

Ogólne statystyki
  • Ten quiz został rozwiązany 343 razy
  • Średni wynik to 9 z 16
Statystyki odpowiedzi
Obrazkowy Odpowiedź % Poprawnych
Tomasz Karolak
95%
Charlie Chaplin
90%
Małgorzata Kożuchowska
90%
Maciej Musiał
85%
Piotr Adamczyk
80%
George Clooney
61%
Eddie Murphy
57%
Salma Hayek
55%
Anna Przybylska
49%
Joaquin Phoenix
45%
Danny DeVito
42%
Paris Hilton
42%
Edyta Herbuś
39%
Katarzyna Glinka
39%
Maggie Smith
28%
Meg Ryan
22%
Nie znaleziono quizów pasujących do podanych kryteriów
Rozkład punktacji
Procent ludzi z każdym wynikiem
Percentyl według liczby udzielonych odpowiedzi
Twoja historia wyników
Nie rozwiązałeś tego quizu